000 00486nam a2200181Ia 4500
005 20250508162539.0
008 008 250505s9999 xx 000 0 hin d
037 _aTextual
040 _aFEDL
_beng
_cFEDL
041 _ahin
_2eng
084 _a294.5, YAS
_qFEDL
245 0 _aNirukatam
260 _aNew Delhi, India
_bMehar Chand Laxhman Das Publications
_c1985
300 _a692p.
365 _aINR
_b150
942 _cTEXL
_h294.5, YAS
999 _c1377231
_d1377231